000 00694nam a2200253 a 4500
001 000110347
003 CHAP
005 20220329144128.0
008 140820s2013 mx |r| ||||||spa d
010 _a106809
011 _a107781
020 _a9786071203168
040 _cCHAP
082 0 4 _a863.508
_bC96
245 0 0 _aCuando mamá regrese pide al viento que vuelva :
_bconcurso nacional de cuentos campiranos "Marte R. Gómez" 2012.
260 _aChapingo, Méx. :
_bUACH.,
_c2013.
300 _a115 P.
590 _aE5765TAJ
_b05
_c20140820
_lUCH01
_h0925
650 1 4 _aCuentos mexicanos.
_930097
650 1 4 _aLiteratura.
_967113
901 _aBK
942 _cLIBRO
942 _n0
999 _c106809
_d106809